Información medioambiental para los usuarios de los establecimientos contables (Registro nro. 31454)

Detalles MARC
000 -LEADER
fixed length control field 00456 a2200133 4500
001 - CONTROL NUMBER
control field ART_30653
005 - DATE AND TIME OF LATEST TRANSACTION
control field 20260410162003.0
008 - FIXED-LENGTH DATA ELEMENTS--GENERAL INFORMATION
fixed length control field 260409a
100 1# - MAIN ENTRY--PERSONAL NAME
Personal name Fronti de García, Luisa
245 10 - TITLE STATEMENT
Title Información medioambiental para los usuarios de los establecimientos contables
700 1# - ADDED ENTRY--PERSONAL NAME
Personal name Pahlen Acuña, Ricardo Jose María
700 1# - ADDED ENTRY--PERSONAL NAME
Personal name Campo, Ana María
773 0# - HOST ITEM ENTRY
Title Foro económico
Related parts - Año VIII, Nº 13 (jun. 2003)
Record control number REV30369

No hay ítems disponibles.